[Event "GER-ch Blitz"]
[Site "Viernheim"]
[Date "2023.07.15"]
[Round "26"]
[White "Lang, Torsten"]
[Black "Vuckovic, Zarko"]
[Result "1/2-1/2"]
[WhiteElo "2288"]
[BlackElo "2323"]
[PlyCount "130"]
[EventDate "2023.07.15"]
[EventType "tourn (blitz)"]
[EventRounds "29"]
[EventCountry "GER"]
[SourceTitle "CBM 215 Extra"]
[Source "ChessBase"]
[SourceDate "2023.09.30"]
[SourceVersion "1"]
[SourceVersionDate "2023.09.30"]
[SourceQuality "1"]

1. d4 Nf6 2. Nf3 e6 3. Bf4 c5 4. e3 b6 5. c3 Be7 6. Be2 0-0 7. 0-0 cxd4 8. exd4 Ba6 9. Nbd2 Qc8 10. a4 Bxe2 11. Qxe2 a6 12. h3 d6 13. Rfe1 Nbd7 14. Nc4 Qc6 15. Bh2 Rfc8 16. Ne3 b5 17. axb5 axb5 18. Nd2 Nb6 19. Bg3 Nfd5 20. Qd3 Nxe3 21. fxe3 Nc4 22. Nxc4 Qxc4 23. Qxc4 bxc4 24. e4 f6 25. Bf4 Kf7 26. Kf2 Ke8 27. Kf3 Kd7 28. g4 Rcb8 29. Rxa8 Rxa8 30. Re2 Ra5 31. Bc1 Bd8 32. Rg2 g6 33. Ke2 f5 34. Kf3 Be7 35. gxf5 exf5 36. d5 Bf6 37. Kf4 Be5+ 38. Kg5 fxe4 39. Kh6 Rxd5 40. Kxh7 Rd1 41. Bg5 Rd3 42. h4 Rg3 43. Rxg3 Bxg3 44. Kxg6 e3 45. Bxe3 Bxh4 46. Kf5 Kc6 47. Ke6 Bg3 48. Bd2 Be5 49. Be3 Bh8 50. Bf4 d5 51. Be3 Bg7 52. Bf2 Bh6 53. Bd4 Bc1 54. Be5 Bxb2 55. Bd4 Ba3 56. Be5 Bc5 57. Bf6 Bd6 58. Bd4 Bc7 59. Bf6 Bb6 60. Be5 Bf2 61. Bf6 Be1 62. Be5 Kc5 63. Bd4+ Kc6 64. Be5 Bf2 65. Bf6 Kc5 1/2-1/2

[Event "GER-ch Blitz"]
[Site "Viernheim"]
[Date "2023.07.15"]
[Round "24"]
[White "Pajeken, Jakob Leon"]
[Black "Vuckovic, Zarko"]
[Result "1-0"]
[WhiteElo "2430"]
[BlackElo "2323"]
[PlyCount "98"]
[EventDate "2023.07.15"]
[EventType "tourn (blitz)"]
[EventRounds "29"]
[EventCountry "GER"]
[SourceTitle "CBM 215 Extra"]
[Source "ChessBase"]
[SourceDate "2023.09.30"]
[SourceVersion "1"]
[SourceVersionDate "2023.09.30"]
[SourceQuality "1"]

1. Nf3 Nf6 2. d4 d5 3. c4 e6 4. e3 Be7 5. b3 0-0 6. Bb2 b6 7. Nbd2 Bb7 8. Bd3 Nbd7 9. 0-0 c5 10. Rc1 Rc8 11. Qe2 Rc7 12. cxd5 Nxd5 13. Bb1 Qa8 14. dxc5 Rxc5 15. Nc4 Rfc8 16. Rfd1 Nf8 17. Ba3 R5c7 18. Bxe7 Nxe7 19. Rc2 Bxf3 20. Qxf3 Qxf3 21. gxf3 Nd5 22. Rdc1 Nd7 23. Kf1 Kf8 24. Nd6 Rxc2 25. Rxc2 Rxc2 26. Bxc2 a5 27. a3 g6 28. f4 Ke7 29. Nc4 f5 30. Ke1 Nc3 31. Kd2 Nb5 32. b4 axb4 33. axb4 Nd6 34. Nxd6 Kxd6 35. Kd3 Nf6 36. h3 Ne4 37. f3 Nf2+ 38. Ke2 Nxh3 39. Kf1 g5 40. Kg2 g4 41. fxg4 fxg4 42. Bxh7 e5 43. Kg3 exf4+ 44. exf4 Ke6 45. Kxg4 Nf2+ 46. Kg5 Nh3+ 47. Kg4 Nf2+ 48. Kf3 Nd1 49. Bd3 Nc3 1-0

[Event "GER-ch Blitz"]
[Site "Viernheim"]
[Date "2023.07.15"]
[Round "6"]
[White "Schulze, Marc Andre"]
[Black "Vuckovic, Zarko"]
[Result "1-0"]
[WhiteElo "2170"]
[BlackElo "2323"]
[PlyCount "155"]
[EventDate "2023.07.15"]
[EventType "tourn (blitz)"]
[EventRounds "29"]
[EventCountry "GER"]
[SourceTitle "CBM 215 Extra"]
[Source "ChessBase"]
[SourceDate "2023.09.30"]
[SourceVersion "1"]
[SourceVersionDate "2023.09.30"]
[SourceQuality "1"]

1. d4 Nf6 2. Bf4 e6 3. e3 c5 4. Nf3 b6 5. Nbd2 Be7 6. h3 0-0 7. c3 cxd4 8. cxd4 d6 9. Be2 Ba6 10. Bxa6 Nxa6 11. 0-0 Nc7 12. Rc1 b5 13. Qc2 Ncd5 14. Bh2 Rc8 15. Qb3 Qd7 16. Rfd1 a5 17. a3 a4 18. Qd3 Nb6 19. b3 Rxc1 20. Rxc1 axb3 21. Qxb3 d5 22. Rc7 Qe8 23. Rb7 Nc4 24. Rxb5 Nxa3 25. Rb7 h6 26. Be5 Qd8 27. Bxf6 gxf6 28. Ra7 Qd6 29. e4 Qb4 30. exd5 exd5 31. Qxd5 Rd8 32. Ra8 Rxa8 33. Qxa8+ Kg7 34. Ne4 Nb5 35. Ng3 Qb1+ 36. Kh2 Bd6 37. Nh4 Nxd4 38. Qd5 Be5 39. f4 Qb5 40. Qxb5 Nxb5 41. fxe5 fxe5 42. Kg1 Kf6 43. Kf2 Kg5 44. Nf3+ Kf4 45. Nh5+ Kf5 46. g4+ Ke6 47. Ke3 f5 48. Ng7+ Kf6 49. Nxf5 Na3 50. Nxh6 Nc4+ 51. Ke4 Nd6+ 52. Kd5 Ne8 53. Nxe5 Nc7+ 54. Ke4 Ne6 55. Nhf7 Nc5+ 56. Kf3 Ne6 57. h4 Nc5 58. h5 Ne6 59. Kg3 Kg7 60. Kh4 Kf6 61. g5+ Kf5 62. h6 Nf8 63. g6 Nxg6+ 64. Kh5 Nf4+ 65. Kh4 Ng6+ 66. Kg3 Nf8 67. Nf3 Kg6 68. N3e5+ Kf5 69. Kh4 Ng6+ 70. Kh3 Nf8 71. Kg2 Nh7 72. Kf3 Nf8 73. Ke3 Kf6 74. Kf4 Ng6+ 75. Ke4 Nf8 76. Kd5 Ng6 77. Nxg6 Kxf7 78. Ne5+ 1-0

[Event "GER-ch Blitz"]
[Site "Viernheim"]
[Date "2023.07.15"]
[Round "7"]
[White "Vuckovic, Zarko"]
[Black "Abel, Dennes"]
[Result "0-1"]
[WhiteElo "2323"]
[BlackElo "2404"]
[PlyCount "114"]
[EventDate "2023.07.15"]
[EventType "tourn (blitz)"]
[EventRounds "29"]
[EventCountry "GER"]
[SourceTitle "CBM 215 Extra"]
[Source "ChessBase"]
[SourceDate "2023.09.30"]
[SourceVersion "1"]
[SourceVersionDate "2023.09.30"]
[SourceQuality "1"]

1. e4 c6 2. Nf3 d5 3. d3 g6 4. e5 Bg4 5. d4 Bg7 6. Nbd2 f6 7. exf6 Nxf6 8. h3 Bf5 9. Bd3 Bxd3 10. cxd3 0-0 11. 0-0 Nbd7 12. Re1 Re8 13. Nb3 Qc7 14. Qe2 e6 15. Bd2 Nf8 16. Ne5 N6d7 17. Bf4 Nxe5 18. Bxe5 Bxe5 19. Qxe5 Qxe5 20. Rxe5 Nd7 21. Re2 Kf7 22. Rae1 Rac8 23. g3 b6 24. Nd2 c5 25. Nf3 h6 26. Kg2 a6 27. h4 a5 28. Re3 a4 29. R1e2 Ra8 30. dxc5 bxc5 31. d4 c4 32. Ng1 g5 33. hxg5 hxg5 34. Nf3 Kf6 35. Nh2 Ra6 36. Ng4+ Kf7 37. Ra3 Rb8 38. b3 cxb3 39. axb3 Rxb3 40. Raa2 a3 41. Re3 Rxe3 42. Nxe3 Nb6 43. Kf3 Ra4 44. Ke2 Nc4 45. Nxc4 Rxc4 46. Rxa3 Rxd4 47. Ra2 Kf6 48. Rb2 Rc4 49. Ra2 Kf5 50. Kf3 g4+ 51. Ke2 e5 52. Rb2 Ra4 53. Rc2 Ra3 54. Rb2 d4 55. Kd2 Ke4 56. Ke2 Rc3 57. Ra2 Rc2+ 0-1

[Event "GER-ch Blitz"]
[Site "Viernheim"]
[Date "2023.07.15"]
[Round "9"]
[White "Vuckovic, Zarko"]
[Black "Wagner, Dennis"]
[Result "0-1"]
[WhiteElo "2323"]
[BlackElo "2598"]
[PlyCount "50"]
[EventDate "2023.07.15"]
[EventType "tourn (blitz)"]
[EventRounds "29"]
[EventCountry "GER"]
[SourceTitle "CBM 215 Extra"]
[Source "ChessBase"]
[SourceDate "2023.09.30"]
[SourceVersion "1"]
[SourceVersionDate "2023.09.30"]
[SourceQuality "1"]

1. e4 c5 2. Be2 Nc6 3. f4 d5 4. d3 e6 5. Nf3 Bd6 6. 0-0 Nge7 7. c3 f6 8. e5 fxe5 9. fxe5 Nxe5 10. Nxe5 Bxe5 11. d4 cxd4 12. Bb5+ Bd7 13. Qh5+ Ng6 14. Bd3 Bf6 15. Bxg6+ Ke7 16. Bd3 Qb6 17. Kh1 Raf8 18. c4 dxc4 19. Bxc4 Kd8 20. Nd2 Be7 21. b3 Qb4 22. Ne4 Qxc4 23. Rg1 Qc2 24. Qe5 Bc6 25. Qxd4+ Kc8 0-1

[Event "Mittelfranken Landesliga Sued 2223"]
[Site "Mittelfranken"]
[Date "2022.11.27"]
[Round "3.4"]
[White "Vuckovic, Zarko"]
[Black "Szalewa, Sven"]
[Result "1-0"]
[WhiteElo "2325"]
[BlackElo "2066"]
[PlyCount "59"]
[EventDate "2022.10.09"]
[EventType "team-tourn"]
[EventRounds "9"]
[EventCountry "GER"]
[SourceTitle "EXT 2024"]
[Source "ChessBase"]
[SourceDate "2023.10.10"]
[SourceVersion "1"]
[SourceVersionDate "2023.10.10"]
[SourceQuality "1"]
[WhiteTeam "Augsburg SF"]
[BlackTeam "Starnberg"]
[WhiteTeamCountry "GER"]
[BlackTeamCountry "GER"]

1. e4 e6 2. d4 d5 3. e5 c5 4. c3 Nc6 5. Nf3 Qb6 6. a3 c4 7. g3 Na5 8. Nbd2 Bd7 9. Bg2 Ne7 10. Rb1 Nb3 11. Nxb3 Ba4 12. Nfd2 Nc6 13. Qe2 Bxb3 14. Nf1 Na5 15. Ra1 Ba4 16. Ne3 Be7 17. 0-0 Nb3 18. Rb1 h5 19. h4 g6 20. Bh3 0-0-0 21. Qf3 Nxc1 22. Rfxc1 Bd7 23. Qxf7 Rde8 24. b3 cxb3 25. c4 Rhf8 26. Qxg6 Qxd4 27. Bxe6 Qxe5 28. cxd5+ Kd8 29. Rxb3 b6 30. Bxd7 1-0

[Event "Mittelfranken Landesliga Sued 2223"]
[Site "Mittelfranken"]
[Date "2022.10.09"]
[Round "1.6"]
[White "Heigermoser, Robert"]
[Black "Vuckovic, Zarko"]
[Result "0-1"]
[WhiteElo "2091"]
[BlackElo "2325"]
[PlyCount "116"]
[EventDate "2022.10.09"]
[EventType "team-tourn"]
[EventRounds "9"]
[EventCountry "GER"]
[SourceTitle "EXT 2024"]
[Source "ChessBase"]
[SourceDate "2023.10.10"]
[SourceVersion "1"]
[SourceVersionDate "2023.10.10"]
[SourceQuality "1"]
[WhiteTeam "Garching II"]
[BlackTeam "Augsburg SF"]
[WhiteTeamCountry "GER"]
[BlackTeamCountry "GER"]

1. e4 e5 2. Nf3 Nc6 3. Bb5 a6 4. Ba4 Nf6 5. 0-0 Be7 6. Re1 b5 7. Bb3 d6 8. c3 0-0 9. h3 Nb8 10. d4 Nbd7 11. Nbd2 Bb7 12. Bc2 Re8 13. Nf1 Bf8 14. Ng3 g6 15. Bd2 Bg7 16. Qc1 d5 17. Bg5 Qc8 18. dxe5 Nxe4 19. Bf4 Ndc5 20. Nd4 Nxg3 21. Bxg3 Ne4 22. Bf4 c5 23. Nb3 a5 24. a4 b4 25. cxb4 cxb4 26. Bd3 Bf8 27. Bb5 Rd8 28. Be3 Qe6 29. f3 Rdc8 30. Qd1 Nc5 31. Nxc5 Bxc5 32. Bxc5 Rxc5 33. Rc1 Rxc1 34. Qxc1 Qb6+ 35. Kh2 Rc8 36. Qf4 Qe6 37. Qd4 Kg7 38. f4 Rc2 39. Re2 Rc1 40. Bd3 Rd1 41. Re3 Bc6 42. b3 h5 43. Rf3 Qf5 44. Bxf5 Rxd4 45. Bd3 Bd7 46. Kg3 Bf5 47. Bxf5 gxf5 48. Kh4 Kg6 49. g4 hxg4 50. hxg4 Rd1 51. g5 Rg1 52. Rd3 Rg4+ 53. Kh3 Rxf4 54. Kg3 Rg4+ 55. Kf3 d4 56. Rd2 Re4 57. Rh2 Kxg5 58. Rh8 Re3+ 0-1

[Event "GER-chT U20"]
[Site "Kiel"]
[Date "2022.07.26"]
[Round "7.4"]
[White "Stelmaszyk, Nico"]
[Black "Vuckovic, Zarko"]
[Result "0-1"]
[WhiteElo "2287"]
[BlackElo "2281"]
[PlyCount "90"]
[EventDate "2022.07.22"]
[EventType "team-swiss"]
[EventRounds "7"]
[EventCountry "GER"]
[SourceTitle "CBM 209 Extra"]
[Source "ChessBase"]
[SourceDate "2022.09.30"]
[SourceVersion "1"]
[SourceVersionDate "2022.09.30"]
[SourceQuality "1"]
[WhiteTeam "Lehrte"]
[BlackTeam "Augsburg"]
[WhiteTeamCountry "GER"]
[BlackTeamCountry "GER"]

1. e4 e5 2. Nf3 Nc6 3. Bc4 Nf6 4. d3 Be7 5. Nc3 d6 6. a3 0-0 7. h3 Nd7 8. 0-0 Nb6 9. Bd5 Nxd5 10. exd5 Nd4 11. Nxd4 exd4 12. Ne2 Bf6 13. b3 c5 14. dxc6 bxc6 15. Ng3 Rb8 16. Qf3 Rb5 17. Re1 Be6 18. a4 Re5 19. Bf4 Bd5 20. Ne4 Re6 21. Qg4 Be7 22. Ng3 Rg6 23. Qh5 Re8 24. Re2 Bf8 25. Rae1 Ree6 26. Ne4 h6 27. Bg3 Be7 28. Kh2 Qf8 29. f4 f5 30. Nd2 Qf7 31. Rxe6 Rxe6 32. Qxf7+ Kxf7 33. Rxe6 Kxe6 34. Nf3 c5 35. Be1 Kf7 36. Bd2 Kg6 37. Kg1 Kh5 38. Nh2 g5 39. g3 g4 40. h4 Bd8 41. Kf2 Kg6 42. Be1 Bc6 43. Ke2 Kf7 44. Kd1 Bg2 45. Bd2 Bxh4 0-1

[Event "GER-CupT 2122 prel7"]
[Site "Augsburg"]
[Date "2022.03.26"]
[Round "1.2"]
[White "Zaragatski, Ilja"]
[Black "Vuckovic, Zarko"]
[Result "1-0"]
[WhiteElo "2515"]
[BlackElo "2285"]
[PlyCount "81"]
[EventDate "2022.03.26"]
[EventType "team-k.o."]
[EventRounds "2"]
[EventCountry "GER"]
[SourceTitle "EXT 2023"]
[Source "ChessBase"]
[SourceDate "2022.10.05"]
[SourceVersion "1"]
[SourceVersionDate "2022.10.05"]
[SourceQuality "1"]
[WhiteTeam "Viernheim"]
[BlackTeam "Augsburg SF"]
[WhiteTeamCountry "GER"]
[BlackTeamCountry "GER"]

1. Nf3 d5 2. g3 Nd7 3. c4 c6 4. Bg2 e5 5. cxd5 cxd5 6. 0-0 Bd6 7. Nc3 Ngf6 8. Nh4 d4 9. Nb5 Bc5 10. e3 0-0 11. exd4 exd4 12. d3 a6 13. Na3 Re8 14. Bd2 Bf8 15. Nc4 a5 16. Qb3 Re6 17. Qb5 Nc5 18. Bxa5 Bd7 19. Qxc5 Bxc5 20. Bxd8 Rxd8 21. Bxb7 Rb8 22. Bg2 Ra6 23. Rfc1 Be6 24. Nf3 h6 25. a3 Ba7 26. Nfd2 g6 27. b4 Nd5 28. Bxd5 Bxd5 29. Rcb1 Ra8 30. a4 Rf6 31. a5 Re8 32. Re1 Rb8 33. Re7 Ra6 34. Rb1 Bc6 35. Na3 Ba4 36. Ndc4 Rc8 37. b5 Bc5 38. bxa6 Bxe7 39. a7 Bc6 40. Rb8 Rf8 41. Nb5 1-0

[Event "GER-ch Blitz"]
[Site "Magdeburg"]
[Date "2021.08.01"]
[Round "19"]
[White "Barzen, Pascal"]
[Black "Vuckovic, Zarko"]
[Result "0-1"]
[WhiteElo "2321"]
[BlackElo "2272"]
[PlyCount "80"]
[EventDate "2021.08.01"]
[EventType "tourn (blitz)"]
[EventRounds "29"]
[EventCountry "GER"]
[EventCategory "5"]
[SourceTitle "CBM 203 Extra"]
[Source "ChessBase"]
[SourceDate "2021.09.30"]
[SourceVersion "1"]
[SourceVersionDate "2021.09.30"]
[SourceQuality "1"]

1. e4 c5 2. Nc3 Nc6 3. g3 g6 4. Bg2 Bg7 5. d3 Rb8 6. f4 b5 7. Nf3 b4 8. Ne2 a5 9. 0-0 Nf6 10. Rb1 0-0 11. h3 d6 12. g4 a4 13. Ng3 a3 14. b3 Ne8 15. Be3 Nc7 16. d4 Nb5 17. d5 Nc3 18. Qd3 Nxb1 19. Rxb1 Na7 20. e5 Qb6 21. Nd2 Ba6 22. Nc4 Bxc4 23. Qxc4 Nb5 24. Ne2 Rbc8 25. Qe4 Nc3 26. Nxc3 bxc3 27. Bf1 Qc7 28. Bd3 dxe5 29. f5 Qd6 30. h4 Rcd8 31. Bc4 gxf5 32. gxf5 Kh8 33. Kh1 Bh6 34. Bg5 Rg8 35. Rg1 Bxg5 36. hxg5 Rxg5 37. Qh4 Rxg1+ 38. Kxg1 Rg8+ 39. Kf1 Qf6 40. Qxf6+ exf6 0-1

[Event "GER-ch Blitz"]
[Site "Magdeburg"]
[Date "2021.08.01"]
[Round "27"]
[White "Bluebaum, Matthias"]
[Black "Vuckovic, Zarko"]
[Result "1-0"]
[WhiteElo "2674"]
[BlackElo "2272"]
[PlyCount "115"]
[EventDate "2021.08.01"]
[EventType "tourn (blitz)"]
[EventRounds "29"]
[EventCountry "GER"]
[EventCategory "5"]
[SourceTitle "CBM 203 Extra"]
[Source "ChessBase"]
[SourceDate "2021.09.30"]
[SourceVersion "1"]
[SourceVersionDate "2021.09.30"]
[SourceQuality "1"]

1. d4 Nf6 2. c4 e6 3. Nc3 d5 4. cxd5 exd5 5. Bg5 c6 6. e3 Nbd7 7. Bd3 Be7 8. h3 Ne4 9. Bxe7 Qxe7 10. Bxe4 dxe4 11. Qg4 Nf6 12. Qxg7 Rg8 13. Qh6 Rxg2 14. Nge2 Be6 15. Nf4 Rg8 16. 0-0-0 0-0-0 17. Rhg1 Kb8 18. Qh4 Bf5 19. Nh5 Nd5 20. Qxe7 Nxe7 21. Nf6 Rg6 22. Nfxe4 Bxh3 23. Ng5 Bc8 24. Nxh7 Bg4 25. f3 Bxf3 26. Rdf1 Rxg1 27. Rxg1 Bh5 28. Nf6 Bg6 29. Rh1 Nf5 30. Ng4 Re8 31. Kd2 Nd6 32. Ne5 Bf5 33. Rh6 Be6 34. e4 Rd8 35. Ke3 Rg8 36. Kf4 Nc4 37. Rxe6 fxe6 38. Nxc4 Kc7 39. Ne3 Kd6 40. e5+ Ke7 41. Ke4 Rh8 42. Kd3 Rh2 43. Nc4 Kd7 44. Ne4 b5 45. Nc5+ Ke7 46. Na5 Rxb2 47. Nxc6+ Kf7 48. Nxa7 b4 49. Nc6 Rxa2 50. Nxb4 Ra3+ 51. Ke4 Ra1 52. Nc6 Re1+ 53. Kd3 Rd1+ 54. Kc2 Rh1 55. Nd8+ Ke7 56. Ndxe6 Rh3 57. Nf4 Rf3 58. Nfd3 1-0

[Event "GER-ch Blitz"]
[Site "Magdeburg"]
[Date "2021.08.01"]
[Round "21"]
[White "Frischmann, Rick"]
[Black "Vuckovic, Zarko"]
[Result "0-1"]
[WhiteElo "2347"]
[BlackElo "2272"]
[PlyCount "72"]
[EventDate "2021.08.01"]
[EventType "tourn (blitz)"]
[EventRounds "29"]
[EventCountry "GER"]
[EventCategory "5"]
[SourceTitle "CBM 203 Extra"]
[Source "ChessBase"]
[SourceDate "2021.09.30"]
[SourceVersion "1"]
[SourceVersionDate "2021.09.30"]
[SourceQuality "1"]

1. e4 c5 2. Nf3 Nc6 3. Bb5 Na5 4. c3 a6 5. Be2 d6 6. d4 cxd4 7. cxd4 g6 8. 0-0 Bg7 9. Nc3 Nf6 10. h3 0-0 11. Be3 b5 12. Rc1 Bb7 13. d5 Rc8 14. b3 Rxc3 15. Rxc3 Nxd5 16. exd5 Bxc3 17. Bd4 Qc8 18. Bb6 Ba8 19. Qc1 Bxd5 20. Qg5 Bxf3 21. Bxf3 Bf6 22. Qe3 Nb7 23. Rc1 Nc5 24. b4 Qf5 25. Bg4 Qd5 26. bxc5 dxc5 27. Rd1 Bd4 28. Qxe7 Qxa2 29. Bxc5 Qxf2+ 30. Kh2 Bxc5 31. Qd7 Be3 32. Kh1 Bf4 33. Be6 Qg3 34. Bxf7+ Rxf7 35. Qd8+ Kg7 36. Qd4+ Be5 0-1

[Event "GER-ch Blitz"]
[Site "Magdeburg"]
[Date "2021.08.01"]
[Round "15"]
[White "Kollars, Dmitrij"]
[Black "Vuckovic, Zarko"]
[Result "1-0"]
[WhiteElo "2617"]
[BlackElo "2272"]
[PlyCount "127"]
[EventDate "2021.08.01"]
[EventType "tourn (blitz)"]
[EventRounds "29"]
[EventCountry "GER"]
[EventCategory "5"]
[SourceTitle "CBM 203 Extra"]
[Source "ChessBase"]
[SourceDate "2021.09.30"]
[SourceVersion "1"]
[SourceVersionDate "2021.09.30"]
[SourceQuality "1"]

1. e4 c5 2. Nf3 Nc6 3. Bb5 g6 4. 0-0 Bg7 5. c3 Nf6 6. Re1 0-0 7. d4 cxd4 8. cxd4 d5 9. e5 Ne4 10. Nc3 Bf5 11. Bd3 Nxc3 12. bxc3 Bxd3 13. Qxd3 Rc8 14. h4 Qd7 15. h5 Qf5 16. Qxf5 gxf5 17. h6 Bh8 18. Re3 e6 19. Ng5 Ne7 20. Ba3 Rfe8 21. Bxe7 Rxe7 22. Rg3 Kf8 23. Nxh7+ Ke8 24. Nf6+ Kd8 25. f4 Rec7 26. Rc1 Ke7 27. Nh5 b5 28. Rb1 a6 29. Rb3 f6 30. Ra3 Rc6 31. h7 fxe5 32. fxe5 Kf7 33. Kf2 Rb8 34. Ke2 Ra8 35. Kd3 a5 36. Rb3 Rb6 37. Rg5 b4 38. g4 fxg4 39. Rxg4 Rc8 40. Rg2 Rbb8 41. cxb4 axb4 42. Kd2 Rc4 43. Rf3+ Ke7 44. Rg8 Rcc8 45. Rg6 Ra8 46. Rd3 Rxa2+ 47. Ke3 Rh2 48. Nf4 Rc6 49. Nxd5+ Kf7 50. Nf4 Rxh7 51. Rb3 Rc3+ 52. Rxc3 bxc3 53. Rxe6 Rh3+ 54. Ke4 Rh4 55. Rc6 Bg7 56. Rc7+ Kg8 57. Kf5 Bh6 58. Rc8+ Kg7 59. Ne6+ Kf7 60. Rc7+ Kg8 61. Rxc3 Kf7 62. Rc7+ Kg8 63. Kg6 Bf8 64. Rc8 1-0

[Event "GER-ch Blitz"]
[Site "Magdeburg"]
[Date "2021.08.01"]
[Round "2"]
[White "Riehle, Marco"]
[Black "Vuckovic, Zarko"]
[Result "0-1"]
[WhiteElo "2336"]
[BlackElo "2272"]
[PlyCount "68"]
[EventDate "2021.08.01"]
[EventType "tourn (blitz)"]
[EventRounds "29"]
[EventCountry "GER"]
[EventCategory "5"]
[SourceTitle "CBM 203 Extra"]
[Source "ChessBase"]
[SourceDate "2021.09.30"]
[SourceVersion "1"]
[SourceVersionDate "2021.09.30"]
[SourceQuality "1"]

1. e4 c5 2. a3 g6 3. h4 h5 4. Nc3 Bg7 5. Bc4 Nc6 6. d3 Nf6 7. Bg5 Rb8 8. Nge2 Nd4 9. Nxd4 cxd4 10. Ne2 Ng4 11. Qd2 b5 12. Bb3 Bb7 13. 0-0-0 d5 14. Qb4 Nxf2 15. Rdf1 Nxh1 16. exd5 a5 17. Qc5 0-0 18. Bxe7 Qd7 19. d6 Bxg2 20. Rg1 Qc6 21. Qg5 a4 22. Nxd4 Qb6 23. c3 axb3 24. Qxg2 Bxd4 25. cxd4 Qxd4 26. Rxh1 Rfc8+ 27. Kb1 Rc2 28. Qxc2 bxc2+ 29. Kxc2 Rc8+ 30. Kb1 Qxd3+ 31. Ka1 Qd4 32. Rf1 Rc2 33. Bf6 Qxd6 34. Re1 Qxf6 0-1

[Event "GER-ch Blitz"]
[Site "Magdeburg"]
[Date "2021.08.01"]
[Round "10"]
[White "Vuckovic, Zarko"]
[Black "Baldauf, Marco"]
[Result "1-0"]
[WhiteElo "2272"]
[BlackElo "2511"]
[PlyCount "51"]
[EventDate "2021.08.01"]
[EventType "tourn (blitz)"]
[EventRounds "29"]
[EventCountry "GER"]
[EventCategory "5"]
[SourceTitle "CBM 203 Extra"]
[Source "ChessBase"]
[SourceDate "2021.09.30"]
[SourceVersion "1"]
[SourceVersionDate "2021.09.30"]
[SourceQuality "1"]

1. e4 c6 2. Nc3 d5 3. Qf3 dxe4 4. Nxe4 Nf6 5. c3 Nxe4 6. Qxe4 Nd7 7. d4 Nf6 8. Qh4 Bf5 9. Nf3 e6 10. Ne5 Be7 11. Be2 0-0 12. 0-0 Qc7 13. Bf3 c5 14. Qg3 cxd4 15. Bh6 Ne8 16. cxd4 Bg6 17. Bf4 Bd6 18. Rac1 Qe7 19. h4 Kh8 20. h5 Bf5 21. Rfe1 Rd8 22. d5 f6 23. Nc4 e5 24. Nxd6 Qxd6 25. Be3 h6 26. Bc5 1-0

[Event "GER-ch Blitz"]
[Site "Magdeburg"]
[Date "2021.08.01"]
[Round "22"]
[White "Vuckovic, Zarko"]
[Black "Commercon, Simon"]
[Result "0-1"]
[WhiteElo "2272"]
[BlackElo "2204"]
[PlyCount "41"]
[EventDate "2021.08.01"]
[EventType "tourn (blitz)"]
[EventRounds "29"]
[EventCountry "GER"]
[EventCategory "5"]
[SourceTitle "CBM 203 Extra"]
[Source "ChessBase"]
[SourceDate "2021.09.30"]
[SourceVersion "1"]
[SourceVersionDate "2021.09.30"]
[SourceQuality "1"]

1. e4 d5 2. exd5 Qxd5 3. Nc3 Qd6 4. Nf3 Nf6 5. d4 a6 6. Ne5 Nc6 7. Nxc6 Qxc6 8. d5 Qb6 9. a4 Bg4 10. Be2 Bxe2 11. Qxe2 0-0-0 12. Qc4 e6 13. dxe6 Re8 14. Be3 Qxe6 15. Qxe6+ Rxe6 16. 0-0-0 Ng4 17. Bg5 Bc5 18. f3 Nf2 19. Rd5 Nxh1 20. Rxc5 Nf2 21. Bh4 0-1

[Event "GER-ch Blitz"]
[Site "Magdeburg"]
[Date "2021.08.01"]
[Round "3"]
[White "Vuckovic, Zarko"]
[Black "Koelle, Tobias"]
[Result "1-0"]
[WhiteElo "2272"]
[BlackElo "2312"]
[PlyCount "71"]
[EventDate "2021.08.01"]
[EventType "tourn (blitz)"]
[EventRounds "29"]
[EventCountry "GER"]
[EventCategory "5"]
[SourceTitle "CBM 203 Extra"]
[Source "ChessBase"]
[SourceDate "2021.09.30"]
[SourceVersion "1"]
[SourceVersionDate "2021.09.30"]
[SourceQuality "1"]

1. e4 Nc6 2. Nf3 e5 3. d4 exd4 4. Bc4 Nf6 5. e5 d5 6. Bb5 Ne4 7. Nxd4 Bd7 8. Bxc6 bxc6 9. 0-0 Bc5 10. f3 Ng5 11. Be3 0-0 12. f4 Ne4 13. Nd2 Nxd2 14. Qxd2 Re8 15. Nb3 Bb6 16. a4 a5 17. Qc3 Qb8 18. f5 Qa7 19. Nc5 Rxe5 20. Qxe5 Bxc5 21. Rae1 Re8 22. Qg3 Bxe3+ 23. Kh1 Kh8 24. f6 g6 25. c3 Bh6 26. Rxe8+ Bxe8 27. Qe5 Qb8 28. Qe7 c5 29. Re1 Bxa4 30. Qxf7 Qf8 31. Qxd5 Qxf6 32. Qa8+ Kg7 33. Qxa5 Qf2 34. Qxc7+ Kf6 35. Qe7+ Kf5 36. Qf7+ 1-0

[Event "GER-ch Blitz"]
[Site "Magdeburg"]
[Date "2021.08.01"]
[Round "8"]
[White "Vuckovic, Zarko"]
[Black "Scheftlein, Richard"]
[Result "0-1"]
[WhiteElo "2272"]
[BlackElo "2243"]
[PlyCount "94"]
[EventDate "2021.08.01"]
[EventType "tourn (blitz)"]
[EventRounds "29"]
[EventCountry "GER"]
[EventCategory "5"]
[SourceTitle "CBM 203 Extra"]
[Source "ChessBase"]
[SourceDate "2021.09.30"]
[SourceVersion "1"]
[SourceVersionDate "2021.09.30"]
[SourceQuality "1"]

1. e4 c6 2. Nc3 d5 3. Qf3 d4 4. Bc4 Nf6 5. e5 dxc3 6. exf6 exf6 7. dxc3 Bd6 8. Bf4 Bxf4 9. Qxf4 0-0 10. Ne2 Be6 11. 0-0 Bxc4 12. Qxc4 Nd7 13. Ng3 Ne5 14. Qb4 Qb6 15. Rad1 Qxb4 16. cxb4 Rfd8 17. Ne4 Nc4 18. b3 Na3 19. c4 Nc2 20. b5 cxb5 21. cxb5 Nd4 22. g3 Nxb5 23. Kg2 f5 24. Nc5 b6 25. Na4 g6 26. Rfe1 Rac8 27. Rxd8+ Rxd8 28. Re2 Kg7 29. Nb2 Nc3 30. Re7 Rd2 31. Nc4 Rxa2 32. Kg1 Ne4 33. f3 Nd2 34. Nxd2 Rxd2 35. Rxa7 Rd3 36. b4 Rb3 37. Kf2 Rxb4 38. Ke3 Rb2 39. Rb7 Rxh2 40. Rxb6 h5 41. Kf4 Rc2 42. Rb4 Rc5 43. Ra4 Rd5 44. Rb4 Rd6 45. Ra4 Kf6 46. Rb4 Re6 47. Ra4 g5# 0-1

[Event "GER-chT U20"]
[Site "Braunschweig"]
[Date "2019.12.29"]
[Round "6.5"]
[White "Joeres, Stefan"]
[Black "Vuckovic, Zarko"]
[Result "0-1"]
[WhiteElo "2201"]
[BlackElo "2258"]
[PlyCount "83"]
[EventDate "2019.12.27"]
[EventType "team-swiss"]
[EventRounds "7"]
[EventCountry "GER"]
[SourceTitle "CBM 194 Extra"]
[Source "ChessBase"]
[SourceDate "2020.03.31"]
[SourceVersion "1"]
[SourceVersionDate "2020.03.31"]
[SourceQuality "1"]
[WhiteTeam "Karlsruhe SF"]
[BlackTeam "Augsburg"]
[WhiteTeamCountry "GER"]
[BlackTeamCountry "GER"]

1. d4 Nf6 2. Bf4 e6 3. e3 Be7 4. Bd3 b6 5. h3 Bb7 6. Nf3 c5 7. Nbd2 0-0 8. 0-0 cxd4 9. exd4 d6 10. c3 Nbd7 11. Qe2 Re8 12. Ne4 Nf8 13. Nxf6+ Bxf6 14. Be4 Bxe4 15. Qxe4 Ng6 16. Bg3 d5 17. Qd3 a6 18. a4 Ne7 19. Nd2 Nf5 20. Bf4 Qc8 21. Rfe1 Qc6 22. a5 b5 23. b4 Rac8 24. Rac1 Be7 25. Nb3 Qc4 26. Qxc4 Rxc4 27. Nd2 Rc6 28. Nb3 Rec8 29. Nc5 Bxc5 30. dxc5 Rd8 31. Rcd1 f6 32. g4 Ne7 33. Bd6 Rdxd6 34. cxd6 Rxd6 35. f4 Kf7 36. Kf2 Rc6 37. Re3 h6 38. h4 h5 39. Kf3 hxg4+ 40. Kxg4 Nf5 41. Red3 Rc4 42. Re1 0-1